Cities and climate change : (Record no. 11077)

000 -LEADER
fixed length control field 01209cam a22003014a 4500
001 - CONTROL NUMBER
control field 16593881
005 - DATE AND TIME OF LATEST TRANSACTION
control field 20221230130719.0
008 - FIXED-LENGTH DATA ELEMENTS--GENERAL INFORMATION
fixed length control field 101229s2011 dcua b 001 0 eng
010 ## - LIBRARY OF CONGRESS CONTROL NUMBER
LC control number 2010050454
020 ## - INTERNATIONAL STANDARD BOOK NUMBER
International Standard Book Number 9781849713702 (hardback)
020 ## - INTERNATIONAL STANDARD BOOK NUMBER
International Standard Book Number 9781849713719 (pbk.)
040 ## - CATALOGING SOURCE
Original cataloging agency DLC
Transcribing agency DLC
Modifying agency DLC
050 00 - LIBRARY OF CONGRESS CALL NUMBER
Classification number GF71
Item number .C45 2011
082 00 - DEWEY DECIMAL CLASSIFICATION NUMBER
Classification number 304.2/5
Edition number 22
245 00 - TITLE STATEMENT
Title Cities and climate change :
Remainder of title global report on human settlements, 2011 /
Statement of responsibility, etc. United Nations Human Settlements Programme.
260 ## - PUBLICATION, DISTRIBUTION, ETC.
Place of publication, distribution, etc. Washington, DC :
Name of publisher, distributor, etc. Earthscan,
Date of publication, distribution, etc. 2011.
300 ## - PHYSICAL DESCRIPTION
Extent xvii, 279 p. :
Other physical details ill. ;
Dimensions 31 cm.
504 ## - BIBLIOGRAPHY, ETC. NOTE
Bibliography, etc. note Includes bibliographical references (p. ([249]-270) and index.
650 #0 - SUBJECT ADDED ENTRY--TOPICAL TERM
Topical term or geographic name entry element Human beings
General subdivision Effect of climate on.
650 #0 - SUBJECT ADDED ENTRY--TOPICAL TERM
Topical term or geographic name entry element Human settlements.
650 #0 - SUBJECT ADDED ENTRY--TOPICAL TERM
Topical term or geographic name entry element Urban climatology.
650 #0 - SUBJECT ADDED ENTRY--TOPICAL TERM
Topical term or geographic name entry element Climatic changes.
710 2# - ADDED ENTRY--CORPORATE NAME
Corporate name or jurisdiction name as entry element United Nations Human Settlements Programme.
906 ## - LOCAL DATA ELEMENT F, LDF (RLIN)
a 7
b cbc
c orignew
d 1
e ecip
f 20
g y-gencatlg
925 0# -
-- acquire
-- 2 shelf copies
-- policy default
955 ## - COPY-LEVEL INFORMATION (RLIN)
-- rd11 2010-12-30
-- CIP ver. re03 2011-05-20
-- re03 2011-05-20 To BCCD
-- rc11 2011-06-10 copy 2 added
991 ## -
-- r-SciRR
-- GF71
-- .C45 2011
-- Copy 1
-- GenBib
Holdings
Withdrawn status Lost status Source of classification or shelving scheme Damaged status Not for loan Permanent Location Current Location Date acquired Source of acquisition Cost, normal purchase price Total Checkouts Full call number Barcode Date last seen Date last checked out Cost, replacement price Price effective from Koha item type Public note
          BMS College of Architecture, Design and Planning BMS College of Architecture, Design and Planning 2023-03-07 10 3973.34 1 304.2/5 AR-PG567 2023-03-07 2023-01-05 5676.20 2023-03-07 PG Books S-14
Copyright © 2025, The Librarian, Library and Information Centre, BMSCA D&P, Bengaluru. All Rights Reserved
web counter

Powered by Koha